000 01074nas a2200325 4500
001 BR2019001432
003 BR-BrBNA
005 20231205131920.0
007 ta
008 230509b bl.|||p| |||| 00| 00por d
040 _aBR-BrBNA
_bpor
_cBiblioteca Nacional de Agricultura
041 _a(En)
072 _aP35; F04
100 1 _aSilva, A.M. de S.
100 1 _aOliveira, E.C.A. de
100 1 _aWilladino, L.G.
100 1 _aFreire, F.J.
100 1 _aRocha, A.T. da
245 1 _aCorrective phosphate application as a practice for reducing oxidative stress and increasing productivity in sugarcane
650 _aCANA DE AÇÚCAR
650 _aANÁLISE DO SOLO
650 _aFÓSFORO
650 _aNUTRIENTE MINERAL
650 _aFERTILIDADE DO SOLO
650 _aPRODUTIVIDADE
773 0 _tRevista Ciência Agronômica (Brazil)
_xISSN 1806-6690
_g(Apr-Jun 2019), v. 50(2) p. 188-196
_wBR2019001432
856 4 0 _uhttp://www.scielo.br/pdf/rca/v50n2/1806-6690-rca-50-02-0188.pdf
909 _a202311
_bLúcia
_c55
_dLúcia Elande
942 _2AGRIS
_n0
_cANA
999 _c257454
_d257454